Electronic properties (Record no. 16117)

000 -LEADER
fixed length control field 00629nam a22002417a 4500
001 - CONTROL NUMBER
control field 16117
003 - CONTROL NUMBER IDENTIFIER
control field BD-DhUET
008 - FIXED-LENGTH DATA ELEMENTS--GENERAL INFORMATION
fixed length control field 150318b xxu||||| |||| 00| 0 eng d
040 ## - CATALOGING SOURCE
Original cataloging agency DLC
Transcribing agency DLC
Modifying agency BD-DhUET
082 ## - DEWEY DECIMAL CLASSIFICATION NUMBER
Classification number 537
Item number ROS/1966
100 ## - MAIN ENTRY--PERSONAL NAME
Personal name Rose, Robert M.
245 ## - TITLE STATEMENT
Title Electronic properties
250 ## - EDITION STATEMENT
Edition statement 1st ed.
260 ## - PUBLICATION, DISTRIBUTION, ETC. (IMPRINT)
Place of publication, distribution, etc. New York
Name of publisher, distributor, etc. John Wiley & Sons
Date of publication, distribution, etc. 1966
300 ## - PHYSICAL DESCRIPTION
Extent x, 306 p.
Other physical details ill.
490 ## - SERIES STATEMENT
Series statement Structure and properties of materials
500 ## - GENERAL NOTE
General note Volume - IV
504 ## - BIBLIOGRAPHY, ETC. NOTE
Bibliography, etc Includes bibliographies
650 #0 - SUBJECT ADDED ENTRY--TOPICAL TERM
Topical term or geographic name as entry element Matter-Properties
700 ## - ADDED ENTRY--PERSONAL NAME
Personal name Shepard, Lawrence A.
700 ## - ADDED ENTRY--PERSONAL NAME
Personal name Wullf, John
942 ## - ADDED ENTRY ELEMENTS (KOHA)
Koha item type General Book
Holdings
Withdrawn status Koha full call number Sublocation or collection (holding branch) Lost status Koha date last borrowed Price effective from Koha issues (times borrowed) Piece designation (barcode) Location (home branch) Not for loan Damaged status Source of classification or shelving scheme Date acquired Shelving location Koha item type Koha normalized classification for sorting Copy number Koha date last seen
 537/ROS/1966Central Library, BUET  2015-03-18 35790Central Library, BUET   2015-03-18Circulation sectionGeneral Book537_000000000000000_ROS_196612015-03-18
 537/ROS/1966Central Library, BUET  2015-03-18 35789Central Library, BUET   2015-03-18Circulation sectionGeneral Book537_000000000000000_ROS_196622015-03-18
 537/ROS/1966Central Library, BUET  2015-03-18 35242Central Library, BUET   2015-03-18Circulation sectionGeneral Book537_000000000000000_ROS_196632015-03-18
 537/ROS/1966Central Library, BUET 2022-06-152015-03-19135786 Central Library, BUET   2015-03-19Circulation sectionGeneral Book537_000000000000000_ROS_196652022-06-22
 537/ROS/1966Central Library, BUET  2015-03-19 21013Central Library, BUET   2015-03-19Circulation sectionGeneral Book537_000000000000000_ROS_196662015-03-19
 537/ROS/1966Central Library, BUET  2015-04-30 35788Central Library, BUET   2015-04-30Circulation sectionGeneral Book537_000000000000000_ROS_196672015-04-30